Assessment standards for school mathematics / (Record no. 118269)

MARC details
000 -LEADER
fixed length control field 00718nam a22001817a 4500
005 - DATE AND TIME OF LATEST TRANSACTION
control field 20160712130546.0
008 - FIXED-LENGTH DATA ELEMENTS--GENERAL INFORMATION
fixed length control field 160712b vau||||| |||| 00| 0 eng d
020 ## - INTERNATIONAL STANDARD BOOK NUMBER
International Standard Book Number 0873534190
050 04 - LIBRARY OF CONGRESS CALL NUMBER
Classification number QA13
Item number A77 1995
245 10 - TITLE STATEMENT
Title Assessment standards for school mathematics /
Statement of responsibility, etc prepared by the assessment standards working groups of the National Council of Teachers of Mathematics
250 ## - EDITION STATEMENT
Edition statement 1a ed.
260 ## - PUBLICATION, DISTRIBUTION, ETC. (IMPRINT)
Place of publication, distribution, etc Reston, Virginia :
Name of publisher, distributor, etc The National Council of Teachers of Mathematics,
Date of publication, distribution, etc 1995
300 ## - PHYSICAL DESCRIPTION
Extent 102 paginas. :
Other physical details ilustraciones.,
Dimensions 28 cm.
504 ## - BIBLIOGRAPHY, ETC. NOTE
Bibliography, etc Incluye referencias
650 #4 - SUBJECT ADDED ENTRY--TOPICAL TERM
Topical term or geographic name as entry element Matemáticas
General subdivision Estudio y enseñanza -- Estados Unidos -- Evaluacion
650 #4 - SUBJECT ADDED ENTRY--TOPICAL TERM
Topical term or geographic name as entry element Evaluación curricular
942 ## - ADDED ENTRY ELEMENTS (KOHA)
Source of classification or shelving scheme Biblioteca del Cogreso de los Estados Unidos
Koha item type Libro
Holdings
Estado de pérdida Fuente de clasificación Estado del daño No para préstamo Ubicación permanente Ubicación actual Apartado o colección Fecha de adquisición Fuente de adquisición Edición Dependencia de educación superior (DES) Área del conocimiento Clasificación Código de Barras Date last seen Número de copia Tipo de recurso Nota pública
  Biblioteca del Cogreso de los Estados Unidos     Biblioteca de la Facultad de Físico Matemáticas Biblioteca de la Facultad de Físico Matemáticas General 12/07/2016 Donación 1a ed. Ingeniería y Arquitectura Ingeniería y Tecnología QA13 A77 1995 C:1 FFM000011723 12/07/2016 C:1 Libro Lectura
  Biblioteca del Cogreso de los Estados Unidos     Biblioteca de la Facultad de Físico Matemáticas Biblioteca de la Facultad de Físico Matemáticas General 12/07/2016 Donación 1a ed. Ingeniería y Arquitectura Ingeniería y Tecnología QA13 A77 1995 C:2 FFM000011724 12/07/2016 C:2 Libro Prestamo